| 000 | 00401nam a22001577a 4500 | ||
|---|---|---|---|
| 020 | _a9788119443574 | ||
| 082 |
_aM080 007 _bDIV/K |
||
| 100 | _aDivakaran R V M | ||
| 245 |
_aKathayum kalavum/ _cby Divakaran R V M |
||
| 260 |
_aKozhikkode: _bAtma books, _c2024. |
||
| 300 | _a196p. | ||
| 650 | _aLiterature Malayalam Study | ||
| 650 | _aLiterature Malayalam | ||
| 650 | _aLiterature | ||
| 942 | _cBK | ||
| 999 |
_c181762 _d181762 |
||